La innovación en la enseñanza./ (Registro nro. 8718)

Detalles MARC
000 -LEADER
fixed length control field 00847nam a2200205Ia 4500
005 - FECHA Y HORA DE LA ÚLTIMA TRANSACCIÓN
control field 20250317185810.0
008 - FIXED-LENGTH DATA ELEMENTS--GENERAL INFORMATION
fixed length control field 230725s9999 xx 000 0 und d
020 ## - INTERNATIONAL STANDARD BOOK NUMBER
International Standard Book Number 9501261328
040 ## - CATALOGING SOURCE
Original cataloging agency UPAN
Transcribing agency Biblioteca San Vicente
Description conventions RCAA2
041 ## - LANGUAGE CODE
Language code of text/sound track or separate title spa
082 ## - DEWEY DECIMAL CLASSIFICATION NUMBER
Classification number 371102
Item number L534i
año de publicación 2001
100 ## - MAIN ENTRY--PERSONAL NAME
Personal name Libedinsky, Marta
Relator code aut.
245 #0 - TITLE STATEMENT
Title La innovación en la enseñanza./
Remainder of title Marta Libedindki
250 ## - EDITION STATEMENT
Edition statement 1° ed
260 ## - PUBLICATION, DISTRIBUTION, ETC. (IMPRINT)
Place of publication, distribution, etc Mexico:
Name of publisher, distributor, etc Paidós,
Date of publication, distribution, etc 2001
300 ## - PHYSICAL DESCRIPTION
Extent 166 p.;
Dimensions 22 cm.
505 ## - FORMATTED CONTENTS NOTE
Formatted contents note 1. La innovación en educación vista desde diferentes perspectivas<br/>2. Tipos de innovaciones en educación<br/>3. La innovación didáctica emergente <br/>4. La innovación educativa en contexto<br/>5. La documentación de experiencias educativas innovadoras <br/>6. El valor de las narraciones en educación
650 ## - SUBJECT ADDED ENTRY--TOPICAL TERM
Source of heading or term LEMB
General subdivision Enseñanza
942 ## - ADDED ENTRY ELEMENTS (KOHA)
Koha item type Libros
Source of classification or shelving scheme Dewey Decimal Classification
Existencias
Withdrawn status Lost status Source of classification or shelving scheme Damaged status Not for loan Collection code Home library Current library Date acquired Total Checkouts Full call number Barcode Date last seen Copy number Price effective from Koha item type
    Dewey Decimal Classification     Colección General Biblioteca UPAN San Vicente Biblioteca UPAN San Vicente 25/07/2023   371102 L534i 12001310 25/07/2023 03 25/07/2023 Libros
    Dewey Decimal Classification     Colección General Biblioteca UPAN San Vicente Biblioteca UPAN San Vicente 25/07/2023   371102 L534i 12001309 25/07/2023 02 25/07/2023 Libros
    Dewey Decimal Classification     Colección General Biblioteca UPAN San Vicente Biblioteca UPAN San Vicente 25/07/2023   371102 L534i 12001308 25/07/2023 01 25/07/2023 Libros